000 00485nam a2200181Ia 4500
005 20250508160426.0
008 008 250505s9999 xx 000 0 eng d
037 _aTextual
040 _aFEDL
_beng
_cFEDL
041 _aeng
_2eng
084 _a372.5, JAM
_qFEDL
100 _aJameson Kenneth
245 0 _aPre-school and infant art
260 _aLondon, UK
_bStudio Vista Limted
_c1968
300 _a155p.
942 _cTEXL
_h372.5, JAM
999 _c1364531
_d1364531